000 00656nam a2200241Ia 4500
003 OSt
005 20220928124127.0
006 a|||||r|||| 00| 0
007 ta
008 220927b |||||||| |||| 00| 0 eng d
024 _a36763
037 _cTextual
040 _aSDCL
_cSDCL
_beng
041 _2eng
_aeng
082 _aY:10aMY, P6
100 _aJarvie Grant
_9463452
245 0 _aSport, culture and society
_b An introductions.
260 _aLondon
_bRoutledge
_c2006
300 _axv,414p.
_ccm.
650 _aCulture And Sports
_9463453
942 _hY:10aMY, P6
_cTEXL
_2CC
999 _c776358
_d776358